000 02167nam2a2200337 4500
001 RU\NLR\PER_A\003154084_000290
005 20260409071536.0
010 _a978-5-9669-2467-6
_925
035 _a(NLR Aleph) 022723340
090 _a13551141
_c13551141
100 _a20260209d2025 u y0rusy50 ca
101 0 _arus
_deng
102 _aRU
200 1 _aМатериалы IV Международной заочной научно-практической конференции "Инновации в теории, методике и дидактике перевода" (очная сессия 23.04.2025 г.)
210 _d2025
215 _a230 с.
_cил.
_d20
300 _aРез. на англ. яз.
320 _aБиблиогр. в конце ст.
461 0 _1001RU\NLR\INFOCOMM9\5000117245
_12001#$aHomo loquens$e(Вопросы лингвистики и транслятологии)$eСб. науч. ст.$fВолгогр. гос. ун-т. Каф. теории и практики пер.$vВып. 18
_93032039
_cВолгоград
_d2003 -
_fВолгогр. гос. ун-т. Каф. теории и практики пер.
_nИзд-во Волгогр. гос. ун-та
_o(Вопросы лингвистики и транслятологии) : Сб. науч. ст.
_tHomo loquens
_vВып. 18
606 _aПеревод (лингв.)
_jСъезды, совещания и т.п
_91594424
_3RU\NLR\AUTH\66701106
606 1 _aАвтоматический перевод
_jСъезды, совещания и т.п
_91134476
_3RU\NLR\AUTH\66131858
606 1 _aМежкультурная коммуникация
_jСъезды, совещания и т.п
_92368045
_3RU\NLR\AUTH\661413599
686 1 _aШ107.7я431
686 1 _aШ111.12я431
686 1 _aШ100.33я431
710 1 2 _a"Инновации в теории, методике и дидактике перевода", международная заочная научно-практическая конференция
_d4
_eВолгоград
_f2025
_92696492
_3RU\NLR\AUTH\880638487
852 _aNLR
_jП34/1621
942 _cUNSPEC
980 _aRUSPER
980 _aNB